Estamos tarde : (Registro nro. 21701)

Detalles MARC
000 -Cabecera
Campo de control interno 01089nam a2200253Ia 4500
005 - Fecha y hora del registro
control field 20260420111233.0
008 - Elementos de Longitud Fija
fixed length control field 260320s9999||||xx |||||||||||||| ||und||
020 ## - ISBN
ISBN 9786125068095
041 ## - Idioma
Codigo Idioma ESP
082 ## - DEWEY y NOTACIÓN INTERNA
Dewey 370.985
Notación Interna S11
100 ## - AUTOR
Autor denominación Saavedra, Jaime,
Término de relación autor
245 #0 - TÍTULO DE MATERIAL BIBLIOGRÁFICO
Título Estamos tarde :
Título paralelo una memoria para recobrar la educación en el Perú
250 ## - EDICIÓN
Edición Primera edición
260 ## - CIUDAD, EDITORIAL, AÑO
Ciudad Lima :
Nombre de la Editorial Penguin Random House Grupo Editorial,
Año 2023
300 ## - DESCRIPCIÓN
N° Páginas 319 páginas :
Otros detalles fotografías, cuadros, gráficos ;
Dimensiones 23 cm.
650 ## - TEMAS
Temas Ciencias Sociales
653 ## - DESCRIPTORES
Lenguajes no controlado Educación - Perú
654 ## - PROGRAMAS
Programa Dpto. de Educación
856 ## - URL - UBICACIÓN
URI/URL: Enlace exacto del recurso <a href="https://0u21ax6ym-y-https-go-gale-com.itmsp.museknowledge.com/ps/start.do?authCount=1&u=ucsp&p=IFME&aty=ip">https://0u21ax6ym-y-https-go-gale-com.itmsp.museknowledge.com/ps/start.do?authCount=1&u=ucsp&p=IFME&aty=ip</a>
Nota pública: Versión digital <a href="Véase además: Base de datos Gale OneFile Informe Académico">Véase además: Base de datos Gale OneFile Informe Académico</a>
856 ## - URL - UBICACIÓN
URI/URL: Enlace exacto del recurso <a href="https://0u20jx6ya-y-https-www-jstor-org.itmsp.museknowledge.com/">https://0u20jx6ya-y-https-www-jstor-org.itmsp.museknowledge.com/</a>
Nota pública: Versión digital <a href="Véase además: Base de datos JSTOR">Véase además: Base de datos JSTOR</a>
856 ## - URL - UBICACIÓN
URI/URL: Enlace exacto del recurso <a href="https://0u20fx6yt-y-https-research-ebsco-com.itmsp.museknowledge.com/c/qxo6us/search">https://0u20fx6yt-y-https-research-ebsco-com.itmsp.museknowledge.com/c/qxo6us/search</a>
Nota pública: Versión digital <a href="Véase además: Base de datos EBSCOhost">Véase además: Base de datos EBSCOhost</a>
942 ## - ELEMENTOS DE KOHA
Tipo de documento Libro
Nombre del creador Justo Noguera
Código de catalogador Margarita Torres
Esquema de clasificación Dewey Decimal Classification
Existencias
Codigo completo Registro Colección Copia número Disponibilidad Tipo de préstamo Biblioteca Actual Procedencia (Biblioteca) Ubicacón Fecha Ingreso Tipo de Adquisición Date last seen Total checkouts Price effective from Tipo de Item Estado del Material Fuente de Clasificación Damaged status Withdrawn status
370.985 S11 1085248 Universidad Católica San Pablo 1 Disponible Disponible Víctor Andrés Belaunde Víctor Andrés Belaunde Primer piso 07/04/2026 Compra 07/04/2026   07/04/2026 Libro Bueno Dewey Decimal Classification